Probailistic transmission system planning
Gardado en:
| Autor Principal: | |
|---|---|
| Formato: | Sách |
| Idioma: | Undetermined |
| Publicado: |
Wiley-IEEE Press
2011
|
| Những chủ đề: | |
| Các nhãn: |
Engadir etiqueta
Sen Etiquetas, Sexa o primeiro en etiquetar este rexistro!
|
| Thư viện lưu trữ: | Trung tâm Thư viện - Trường Đại học Công nghiệp TP. Hồ Chí Minh |
|---|
| LEADER | 00494nam a2200157Ia 4500 | ||
|---|---|---|---|
| 001 | UIH_07517 | ||
| 008 | 231011s9999 xx 000 0 und d | ||
| 082 | |a 621.319 | ||
| 100 | |a Li, Wenyuan | ||
| 245 | 0 | |a Probailistic transmission system planning | |
| 245 | 0 | |c Li, Wenyuan | |
| 260 | |b Wiley-IEEE Press | ||
| 260 | |c 2011 | ||
| 650 | |a Truyền tải điện năng; | ||
| 927 | |a Sách | ||
| 980 | |a Trung tâm Thư viện - Trường Đại học Công nghiệp TP. Hồ Chí Minh | ||